Lost history (Record no. 11055)

000 -LEADER
fixed length control field 00437 a2200145 4500
020 ## - INTERNATIONAL STANDARD BOOK NUMBER
International Standard Book Number 9781426202803
040 ## - CATALOGING SOURCE
Original cataloging agency DLC
082 ## - DEWEY DECIMAL CLASSIFICATION NUMBER
Classification number 909.09767
100 ## - MAIN ENTRY--PERSONAL NAME
Personal name Michael Hamilton Morgan
245 ## - TITLE STATEMENT
Title Lost history
Statement of responsibility, etc. Michael Hamilton Morgan
260 ## - PUBLICATION, DISTRIBUTION, ETC.
Place of publication, distribution, etc. Washington
Name of publisher, distributor, etc. National Geographic
Date of publication, distribution, etc. 2007
300 ## - PHYSICAL DESCRIPTION
Extent ix, 301p.;
Other physical details ill.:
Dimensions 24cm.
830 ## - SERIES ADDED ENTRY--UNIFORM TITLE
Uniform title The enduring legacy of muslim scientists, thinkers, and artists
942 ## - ADDED ENTRY ELEMENTS (KOHA)
Koha item type Book
Call number prefix 909.09767 MOR
Source of classification or shelving scheme
Holdings
Withdrawn status Lost status Damaged status Not for loan Collection code Permanent Location Current Location Shelving location Date acquired Source of acquisition Cost, normal purchase price Total Checkouts Total Renewals Full call number Barcode Date last seen Date last checked out Price effective from Koha item type
          Central Library (CL) Central Library (CL) General Stacks 08/27/2012 Global~Link Information Services 1378.59 13 6 909.09767 MOR SEECS011500 06/03/2025 01/11/2024 01/05/2017 Book
© 2023 Central Library, National University of Sciences and Technology. All Rights Reserved.